US State Flowers - Statistics

General Stats
  • This quiz has been taken 19 times
  • The average score is 16 of 50
Answer Stats
Hint Answer % Correct
Oklahoma (name any of the three) Indian Blanket / Mistletoe / Rose
100%
Iowa Prairie Rose
100%
North Dakota Prairie Rose
100%
New York Rose
100%
Mississippi (name either) Magnolia / Tickseed
82%
Louisiana (name either) Giant Blue Iris / Magnolia
73%
Alaska Alpine Forget-Me-Not
64%
New Jersey Common Blue Violet
64%
Wisconsin Common Blue Violet
64%
Illinois (name either) Milkweed / Violet
64%
Rhode Island Violet
64%
Delaware Peach Blossom
55%
Maryland Black-Eyed Susan
45%
Texas Bluebonnet
45%
West Virginia Rhododendron
45%
Arkansas Apple Tree
36%
Michigan (name either) Apple Tree / Dwarf Lake Iris
36%
California California Poppy
27%
Colorado Colorado Blue Columbine
27%
Pennsylvania (name either) Crown Vetch / Mountain Laurel
27%
Connecticut (name either) Four o Clock Flower / Mountain Laurel
27%
Wyoming Indian Paintbrush
27%
Alabama (name either) Japanese Camellia / Oak-Leaf Hydrangea
27%
Florida (name either) Orange Tree / Tickseed
27%
Arizona Saguaro Cactus
27%
Georgia (name either) Azalea / Cherokee Rose
18%
Missouri Hawthorn
18%
Tennessee (name any of the three) Iris / Purple Passionflower / Tennessee Coneflower
18%
Idaho Lewis Mock Orange
18%
Massachusetts Mayflower
18%
Indiana Peony
18%
Nevada Sagebrush
18%
New Mexico Yucca
18%
Montana Bitterroot
9%
North Carolina (name either) Carolina Lily / Flowering Dogwood
9%
Kansas Common Sunflower
9%
Maine (is a tree) Eastern White Pine
9%
Virginia Flowering Dogwood
9%
Hawaii Hawaiian Hibiscus
9%
Utah Sego Lily
9%
Washington Coast Rhododendron
0%
Kentucky Giant Goldenrod
0%
Nebraska Giant Goldenrod
0%
Ohio (name either) Large White Trillium / Scarlet Carnation
0%
South Carolina (name either) Late Goldenrod / Yellow Jessamine
0%
Oregon Oregon Grape
0%
South Dakota Pasque Flower
0%
New Hampshire (name either) Pink Lady's Slipper / Purple Lilac
0%
Vermont Red Clover
0%
Minnesota Showy Lady's Slipper
0%
No matching quizzes found
Score Distribution
Percent of People with Each Score
Percentile by Number Answered
Your Score History
You have not taken this quiz